|
|
|
|
| LEADER |
01135nam a22002657a 4500 |
| 001 |
29284 |
| 003 |
BD-DhAAL |
| 005 |
20150527095407.0 |
| 007 |
9787561914793 |
| 008 |
150527s2009 cc ||||| |||| 00| 0 mul d |
| 020 |
|
|
|a 9787561914809
|
| 040 |
|
|
|a BD-DhAAL
|c BD-DhAAL
|
| 082 |
|
|
|2 22
|a 495.1/83421
|
| 999 |
|
|
|c 34538
|d 34538
|
| 999 |
|
|
|c 34528
|
| 100 |
|
|
|a Miao, Qiang
|9 11448
|
| 245 |
|
|
|a 长城汉语 : 生存交际课本 = Great Wall Chinese :
|b essentials in communication textbook. 2 /
|c 主编马箭飞 ; 副主编毛悦 ; 编著谭春健 ... [et al.] Jianfei Ma; Yue Mao; Chunjian Tan et al.
|
| 260 |
|
|
|a Beijing Shi :
|b Beijing yu yan da xue chu ban she,
|c 2009
|
| 300 |
|
|
|a 2 v. :
|b ill. ;
|c 29 cm.
|
| 541 |
|
|
|e 29281
|
| 650 |
|
|
|a Chinese language
|v English.
|x Conversation and phrase books
|9 11447
|
| 700 |
|
|
|a Jianfei Ma
|9 10953
|
| 852 |
|
|
|a Ayesha Abed Library
|
| 942 |
|
|
|2 ddc
|c BK
|
| 952 |
|
|
|0 0
|1 0
|2 ddc
|4 0
|6 495_183421000000000_MIA
|7 0
|9 53928
|a BRACUL
|b BRACUL
|c GEN
|d 2015-05-27
|e BRAC Institute of Language
|l 1
|m 11
|o 495.183421 MIA
|p 3010029284
|r 2026-05-06
|s 2026-01-18
|t 1
|w 2015-05-27
|y BK
|x Transferred from BIL to BRACUL on 06/06/22
|